Ładuje się......

Śrī Madhvācārya : his life religion and philosophy

Opis bibliograficzny
1. autor: Tapasyananda
Format: Printed Book
Wydane: Maylapore 94p.
Hasła przedmiotowe:
LEADER 00509cam a2200157 i 4500
020 |a 9788171202577 
020 |a 8171202578 
100 0 |a Tapasyananda, 
245 1 0 |a Śrī Madhvācārya : his life religion and philosophy 
260 |a Maylapore  |b 94p. 
300 |a 94 pages ; 
650 0 |a Madhvas- Biography  |a Hinduism  |a Religion 
650 0 |a Madhvas 
942 |c BK 
999 |c 35305  |d 35305 
952 |0 0  |1 0  |4 0  |6 294_561000000000000_TAPS  |7 0  |8 Stack  |9 37359  |a KUCL  |b KUCL  |c Stack  |d 2015-10-14  |l 0  |o 294.561 TAP/S  |p 34958  |r 2015-10-14  |y BK